• 首页
  • 本馆介绍
  • 公告通知
  • 最新文献
  • 馆藏检索
  • 电子资源
  • 读者导购
  • 参考咨询
  • 我的图书馆
  • 登录
  • 详细信息显示
  • 放入我的书架
  • 预约/预借图书
  • 作者相关作品
  • 分类相关作品
  • 丛书相关作品
  • 出版社相关作品

书目信息

  • 表格格式
  • 工作单格式
  • 卡片格式
题名:
文史资料选编
    
 
作者: ;政协北京市委员会文史资料工作委员会 编
分册: 第七辑   北平地下党斗争史料专辑
出版信息: 北京   北京出版社  1980
页数: 191页
开本: 20cm
丛书名:
单 册:
中图分类: K291 , D235.1 , K206
科图分类:
主题词: 文史资料--北京市 , 文史资料 , 地下斗争 , 中国--通史
电子资源:
ISBN:
000 00936nam0 2200301 450
005 20150119092044.79
010    @dCNY0.64
091    @a11071.135@dCNY0.64
100    @a20040702d1980 em y0chiy50 ea
101 0  @achi
102    @aCN@b110000
105    @ay z 000yd
200 1  @a文史资料选编@9wen shi zi liao xuan ji@h第七辑@i北平地下党斗争史料专辑@h中@f中国人民政治协商会议北京市委员会文史资料工作委员会编
210    @a北京@c北京出版社@d1980
215    @a191页@d20cm
306    @a内部发行
601 0  @a中国共产党@x地下斗争@y北京市@j史料
601 0  @a中国共产党
606 0  @a文史资料@y北京市
606 0  @a文史资料
606 0  @a地下斗争
606 0  @a中国@x通史
690    @aK291@v5
690    @aD235.1@v5
690    @aK206@v4
711 02 @a政协北京市委员会文史资料工作委员会@9zheng xie bei jing shi wei yuan hui wen shi zi liao gong zuo wei yuan hui@4编
801  0 @aCN@bTSSF@c20150119
905    @dK206@eJY7:7
    
    文史资料选编.第七辑.北平地下党斗争史料专辑.中/中国人民政治协商会议北京市委员会文史资料工作委员会编.-北京:北京出版社,1980
    191页;20cm
    
    
    ISBN :CNY0.64
    
●
相关链接 在E读中查询图书 在五车中查询图书 在当当中查询图书 在豆瓣中查询图书


正题名:文史资料选编     索取号:K206/JY7:7         预约/预借

序号 登录号 条形码 馆藏地/架位号 状态 备注
1 7847351   278473518   学院路分馆/ [索取号:K206/JY7:7] 在馆    
2 7847358   278473581   学院路分馆/ [索取号:K206/JY7:7] 在馆    
唐山师范学院图书馆 欢迎您!
大连网信软件有限公司© 版权所有